Logos with Reptiles - Statistics

General Stats
  • This quiz has been taken 34 times
  • The average score is 6 of 12
Answer Stats
Picture Hint Answer % Correct
Brand Lacoste
84%
Brand Crocs
77%
Show (Character) Barney
65%
Vehicle Alfa Romeo
58%
Sports Team Toronto Raptors
55%
Brand Geico
48%
Game (Character) Yoshi
48%
Harry Potter Slytherin
45%
Sports Team Florida Gators
39%
Vehicle (Specific) Dodge Viper
23%
Technology Razer
23%
Brand (Mascot) Kraft
3%
No matching quizzes found
Score Distribution
Percent of People with Each Score
Percentile by Number Answered
Your Score History
You have not taken this quiz